Electrically conductive rubbers (Record no. 58516)

MARC details
000 -LEADER
fixed length control field 00502nam a2200193Ia 4500
100 ## - MAIN ENTRY--AUTHOR NAME
Personal name Melnik I A
245 #0 - TITLE STATEMENT
Title Electrically conductive rubbers
260 ## - PUBLICATION, DISTRIBUTION, ETC. (IMPRINT)
Name of publisher International Polymer Science and Technology
Year of publication 2003
300 ## - PHYSICAL DESCRIPTION
Number of Pages 2-Jan
650 ## - SUBJECT ADDED ENTRY--TOPICAL TERM
Topical Term Carbon black
650 ## - SUBJECT ADDED ENTRY--TOPICAL TERM
Topical Term Rubber mixes
650 ## - SUBJECT ADDED ENTRY--TOPICAL TERM
Topical Term Tear strength
650 ## - SUBJECT ADDED ENTRY--TOPICAL TERM
Topical Term Tensile strength
700 ## - ADDED ENTRY--PERSONAL NAME
Personal name Bogatyrenko E A
700 ## - ADDED ENTRY--PERSONAL NAME
Personal name Pupkova N G
700 ## - ADDED ENTRY--PERSONAL NAME
Personal name Vikhireva N P
942 ## - ADDED ENTRY ELEMENTS (KOHA)
Koha item type Journals
Holdings
Withdrawn status Lost status Damaged status Not for loan Home library Current library Shelving location Date acquired Serial Enumeration / chronology Koha item type
      Journals RRII Library RRII Library Rubber chemistry 17/12/2021 Volume 30, Issue 6 Journals